Tools and tactics of design / (Record no. 5653)

MARC details
000 -LEADER
fixed length control field 01000nac a22002771u 4500
010 ## - LIBRARY OF CONGRESS CONTROL NUMBER
LC control number 00043298
020 ## - INTERNATIONAL STANDARD BOOK NUMBER
International Standard Book Number 0471386480 (pbk. : alk. paper)
082 00 - DEWEY DECIMAL CLASSIFICATION NUMBER
Classification number 620.0042
Item number DOM
090 ## - LOCALLY ASSIGNED LC-TYPE CALL NUMBER (OCLC); LOCAL CALL NUMBER (OCLC)
-- 5653
-- 5653
100 ## - MAIN ENTRY--PERSONAL NAME
Personal name Dominick, Peter G.
245 00 - TITLE STATEMENT
Title Tools and tactics of design /
Statement of responsibility, etc Peter G. Dominick ... [et al.].
260 ## - PUBLICATION, DISTRIBUTION, ETC. (IMPRINT)
Place of publication, distribution, etc New York :
Name of publisher, distributor, etc Wiley,c.2001.
Date of publication, distribution, etc c.2001.
300 ## - PHYSICAL DESCRIPTION
Extent xii, 221 p. :
Other physical details ill. ;
Dimensions 23 cm.
500 ## - GENERAL NOTE
General note Distributer : Al-Ahram.
504 ## - BIBLIOGRAPHY, ETC. NOTE
Bibliography, etc Includes bibliographical references and index.
511 ## - PARTICIPANT OR PERFORMER NOTE
Participant or performer note Catalogued By :Mahitab.
650 #0 - SUBJECT ADDED ENTRY--TOPICAL TERM
Topical term or geographic name as entry element Engineering design.
700 1# - ADDED ENTRY--PERSONAL NAME
Personal name Demel, John T.
700 1# - ADDED ENTRY--PERSONAL NAME
Personal name Lawbaugh, William M.
700 1# - ADDED ENTRY--PERSONAL NAME
Personal name Freuler, Richard J.
700 1# - ADDED ENTRY--PERSONAL NAME
Personal name Kinzel, Gary L.
700 1# - ADDED ENTRY--PERSONAL NAME
Personal name Fromm, Eli.
856 42 - ELECTRONIC LOCATION AND ACCESS
Materials specified Publisher description
Uniform Resource Identifier <a href="http://www.loc.gov/catdir/description/wiley035/00043298.html">http://www.loc.gov/catdir/description/wiley035/00043298.html</a>
856 42 - ELECTRONIC LOCATION AND ACCESS
Materials specified Table of Contents
Uniform Resource Identifier <a href="http://www.loc.gov/catdir/toc/onix06/00043298.html">http://www.loc.gov/catdir/toc/onix06/00043298.html</a>
942 ## - ADDED ENTRY ELEMENTS (KOHA)
Item type Book - Borrowing
Call number prefix 620.0042DOM
Holdings
Withdrawn status Item status Damaged status Not for loan Home library Current library Shelving location Date acquired Source of acquisition Total Checkouts Full call number Barcode Date last seen Koha item type
        Central Library Central Library First floor 01/11/2007 Purchase   620.0042DOM 000007027 15/07/2025 Book - Borrowing